000 01345nam a2200301Ia 4500
001 14592
003 IT-RoPAU
008 130308s9999 xx 000 0 und d
040 _aIT-RoPAU
040 _cIT-RoPAU
041 _aITALIANO
100 _aZannier Italo
100 _gCodice Aut. SPICS: 3388
245 _a70 anni di fotografia in Italia
245 _b70 Anni di fotografia in Italia
250 _a1a ed.
260 _aMODENA
260 _bPunto e Virgola
260 _c1978 [1° Ed.:1978 - Ed.Ling.Originale:1978]
300 _a"194 p. (prefazione: no ; testo: 194)"
500 _aSocietà Fotografica Italiana Manuali riviste Scuole Archivi e musei fotografia per la Scienza Dilettante viaggi e Atelier testimone Fotodinamica colore Grande Guerra Pittorialismo ritratto fotografi Naif Arte Fotografica Verso una Nuova fotografia fotografi Futuristi fotografia fascista fototesto gruppo degli Otto bello fotografico Annuario della Domus dopoguerra gruppo bussola Fotoracconto Neorealisti e Contestatori circoli e gruppi Alternativa del Paparazzo Rotocalchi e Fotogiornalismo Fotolibro Critica fotografi d'oggi fotografia e Pittura tavole a Colori Bibliografia
650 _aSTORIA NAZIONALE DELLA FOTOGRAFIA
650 _eCodice materia Spics: 6759
942 _cBK
957 _71
999 _c70675
_d70675
999 _bSI
999 _g1